Frankreichs Fußballer des Jahres - Statistiken

Allgemein
  • Dieses Quiz wurde 799 mal gespielt
  • Das Durchschnittsergebnis liegt bei 17 aus 25
Antwortstatistiken
Jahr Spieler Verein/e Land % Korrekt
2018 Kylian Mbappé Paris Saint-Germain Frankreich
98%
2019 Kylian Mbappé Paris Sain-Germain Frankreich
98%
2011 Karim Benzema Real Madrid Spanien
90%
2012 Karim Benzema Real Madrid Spanien
90%
2014 Karim Benzema Real Madrid Spanien
90%
2021 Karim Benzema Real Madrid Spanien
90%
2000 Thierry Henry FC Arsenal England
90%
2003 Thierry Henry FC Arsenal England
90%
2004 Thierry Henry FC Arsenal England
90%
2005 Thierry Henry FC Arsenal England
90%
2006 Thierry Henry FC Arsenal England
90%
1998 Zinédine Zidane Juventus Turin Italien
88%
2002 Zinédine Zidane Real Madrid Spanien
88%
2016 Antoine Griezmann Atlético Madrid Spanien
87%
2007 Franck Ribéry Olympique Marseille/FC Bayern München Frankreich/Deutschland
87%
2008 Franck Ribéry FC Bayern München Deutschland
87%
2013 Franck Ribéry FC Bayern München Deutschland
87%
2017 N'Golo Kanté FC Chelsea England
76%
1997 Lilian Thuram AC Parma Italien
31%
2001 Patrick Vieira FC Arsenal England
27%
2015 Blaise Matuidi Paris Saint-Germain Frankreich
22%
1996 Didier Deschamps Juventus Turin Italien
19%
2010 Samir Nasri FC Arsenal England
14%
2009 Yoann Gourcuff FC Girondins Bordeaux Frankreich
9%
1999 Sylvain Wiltord FC Girondins Bordeaux Frankreich
7%
Keine übereinstimmenden Quizze gefunden
Verteilung der Resultate
Anzahl Personen mit jedem Resultat
Perzentil nach korrekt beantworteten Fragen
Ihre Resultats-Entwicklung
Sie haben dieses Quiz noch nicht gespielt